[Event "Linares Anibal op 08th"]
[Site "Linares"]
[Date "2001.01.12"]
[Round "5"]
[White "Gaprindashvili, Valerian"]
[Black "Sakaev, Konstantin"]
[Result "0-1"]
[WhiteElo "2482"]
[BlackElo "2639"]
[Annotator "Ftacnik,L"]
[PlyCount "62"]
[EventDate "2001.01.08"]
[EventType "swiss"]
[EventRounds "11"]
[EventCountry "ESP"]
[SourceTitle "CBM 081"]
[Source "ChessBase"]
[SourceDate "2001.03.20"]
[SourceVersion "1"]
[SourceVersionDate "2001.03.20"]
[SourceQuality "1"]

1. d4 Nf6 2. c4 g6 3. g3 Bg7 4. Bg2 d5 5. cxd5 Nxd5 6. e4 Nb6 7. Ne2 c5 8. d5
e6 9. O-O exd5 10. exd5 O-O 11. Nec3 Na6 12. a4 Nc4 (12... Bf5) 13. Nd2 Nxd2
14. Bxd2 Bf5 15. Be3 Qd7 16. Qb3 Rac8 17. Rfd1 (17. d6 $5 Nb4 (17... b6 18. Qb5
$14) 18. Bxc5 Nc2 19. Bxa7 Nxa1 20. Rxa1 Qxd6 21. Bxb7 Rc7 22. Rd1 $13) (17.
Qb5 Rfd8 18. Rfd1 $14) 17... Rfe8 18. Rd2 Nb4 19. Bf1 (19. Bxc5 Nc2 20. Rxc2
Bxc2 21. Qb4 b6 22. Be3 $17) 19... a6 (19... Nc2 $5 20. Rxc2 c4 21. Qb5 $1 (21.
Bxc4 Bxc2 22. Qxc2 Rxc4 $17) 21... Qxb5 22. axb5 Bxc2 23. Rxa7 $11) 20. Na2 $6
{White is giving up teh hope of playing for the advantage, all black pieces
occupy excellent squares.} (20. Rc1 b6 21. Na2 Re4 $11) 20... Nxa2 21. Qxa2 (
21. Rxa2 Be4 22. Ra1 Qf5 $15) 21... Be4 22. Rc1 (22. Qb3 Qf5 23. Be2 $13) 22...
Qf5 23. Be2 $6 (23. Bg2 $5 Bxg2 24. Kxg2 Qe4+ 25. Kg1 c4 26. Qa3 $13) 23... Qh3
24. Bf1 Qf5 25. Be2 Bd4 26. Bxd4 $2 {[%mdl 256] The pressure was very
unpleasant, but opening the c file will prove simply fatal.} (26. d6 Bc6 (26...
Bd5 27. Qb1 Qxb1 28. Rxb1 Rxe3 29. Rxd4 cxd4 30. fxe3 dxe3 $15) 27. Bxd4 cxd4
28. Qb3 Rcd8 $17) 26... cxd4 (26... Bxd5 $5 27. Qb1 cxd4 28. Rcd1 Qxb1 29. Rxb1
Rcd8 $19) 27. Rxc8 Rxc8 28. Rxd4 (28. Qa1 d3 29. Bd1 Rc2 30. Bxc2 Qf3 $19)
28... Rc1+ 29. Rd1 (29. Bd1 Qf3 $19) 29... Qh3 30. f3 (30. Bf1 Rxd1 $19) 30...
Bxf3 $1 31. Bxf3 (31. Kf2 Qg2+ $19) 31... Rc2 0-1

[Event "POL-ch 59th"]
[Site "Warsaw"]
[Date "2002.05.01"]
[Round "3"]
[White "Grabarczyk, Miroslaw"]
[Black "Bobras, Piotr"]
[Result "1-0"]
[WhiteElo "2484"]
[BlackElo "2435"]
[Annotator "Ftacnik,L"]
[PlyCount "49"]
[EventDate "2002.04.29"]
[EventType "tourn"]
[EventRounds "13"]
[EventCountry "POL"]
[EventCategory "10"]
[SourceTitle "CBM 089"]
[Source "ChessBase"]
[SourceDate "2002.08.12"]
[SourceVersion "1"]
[SourceVersionDate "2002.08.12"]
[SourceQuality "1"]

1. d4 Nf6 2. c4 g6 3. g3 Bg7 4. Bg2 d5 5. cxd5 Nxd5 6. e4 Nb6 7. Ne2 c5 8. d5
e6 9. O-O exd5 10. exd5 O-O 11. Nec3 Na6 12. Nd2 Bf5 13. Nde4 Qd7 14. Bh6 (14.
Bg5 Bxe4 15. Nxe4 f5 16. Nc3 $14 {1/2-1/2 Grabarczyk,M-Stohl,I/Koszalin 1999/ 
(16)}) 14... Rad8 $6 (14... Bxe4 15. Nxe4 f5 (15... Nxd5 $2 16. Bxg7 Kxg7 17.
Nc3 Nf6 18. Qxd7 Nxd7 19. Bxb7 $18) 16. Bxg7 Qxg7 17. Nc3 $14) 15. Bg5 $6 {
White is missing the simple tactical combination, that would give him extra
pawn for no obvious compensation.} (15. Bxg7 Kxg7 16. Nxc5 $1 Nxc5 17. Qd4+ f6
18. Qxc5 $16) 15... f6 16. Be3 Nc4 $2 (16... Bxe4 $5 17. Bxe4 (17. Nxe4 Nxd5
18. Bxc5 Nxc5 19. Nxc5 Qf7 $11) 17... Nc4 (17... f5 18. Bg2 Bxc3 19. bxc3 Nxd5
20. Qb3 b5 21. Bg5 c4 22. Qa3 $16) 18. Bc1 Rfe8 19. Bg2 Nd6 $11) 17. Bxc5 Nxc5
(17... Nxb2 $6 18. Qb3 $1 Rfe8 19. Bd4 Nd3 20. Nxf6+ Bxf6 21. Bxf6 $16) 18.
Nxc5 Qc8 (18... Qe7 19. Qd4 Nxb2 20. Rfe1 $16) 19. Qd4 Nxb2 (19... Nd6 20. Rfe1
Rfe8 21. Ne6 $16) 20. Nb5 $1 {[%mdl 64] Bobras will have hands full with
saving the misplaced knight b2, so white wins time for preparing some real
demage.} (20. d6 $5 b6 21. Nb7 Rd7 22. Nb5 Rxb7 (22... Nd3 23. g4 $1 $18) 23.
Rac1 Qe8 24. Qxb2 $18) 20... b6 (20... a6 21. Rac1 Bh6 22. f4 $16) (20... Rfe8
21. d6 b6 22. Nb7 $18) 21. Qxb2 Qxc5 (21... bxc5 22. Nxa7 Qd7 23. Nc6 $16) 22.
Rac1 Qe7 23. Rfe1 Qf7 (23... Qb7 24. Rc7 Qb8 25. Ree7 Bh6 26. Rxh7 $18) 24. Rc7
Rd7 25. Nd6 (25. Nd6 Rxd6 26. Rxf7 Rxf7 27. Re8+ Bf8 28. Qb4 $18) 1-0

[Event "Cannes m1"]
[Site "Cannes"]
[Date "1999.10.17"]
[Round "3"]
[White "Tkachiev, Vladislav"]
[Black "David, Alberto"]
[Result "1-0"]
[WhiteElo "2648"]
[BlackElo "2544"]
[Annotator "Ftacnik,L"]
[PlyCount "39"]
[EventDate "1999.10.15"]
[EventType "match"]
[EventRounds "8"]
[EventCountry "FRA"]
[SourceTitle "CBM 074"]
[Source "ChessBase"]
[SourceDate "2000.02.01"]
[SourceVersion "1"]
[SourceVersionDate "2000.02.01"]
[SourceQuality "1"]

1. d4 Nf6 2. c4 g6 3. g3 Bg7 4. Bg2 d5 5. cxd5 Nxd5 6. e4 Nb6 7. Ne2 e5 8. d5
O-O 9. O-O c6 10. Nbc3 cxd5 11. exd5 Na6 12. b3 f5 (12... Bf5 13. Be3 (13. Ba3
Re8 14. d6 Qd7 15. Nd5 Nc8 16. Ne7+ Nxe7 17. dxe7 Rxe7 18. Bxe7 Qxe7 19. Qd5
Nb4 20. Qxb7 Qxb7 21. Bxb7 Rb8 22. Bg2 Bd3 23. Nc3 Bxf1 24. Rxf1 Rd8 25. Nd5
Nxd5 26. Rd1 {1/2-1/2 Timoshchenko,G-Mikhalchishin,A/Frunze/ 1981/ (29)}) 13...
Qd7 14. a4 Bh3 15. Ra2 Bxg2 16. Kxg2 Rfd8 17. Rd2 Nc8 18. Ne4 Nd6 19. Nxd6 Qxd6
20. Nc3 b6 21. Nb5 Qb4 22. d6 {1-0 An Yangfeng-Canela,T/Dubai olm/1986/ (55)})
13. Ba3 (13. a4 f4 14. a5 f3 15. axb6 fxg2 16. Kxg2 e4 17. Nd4 h5 18. h3 Qxb6
19. Be3 Qd8 20. Qe2 Qd7 21. Rh1 Qf7 22. Rad1 {1/2-1/2 Rogozenko,D-Ftacnik,L/
Hamburg/1998/ (22)}) 13... Rf7 (13... Re8 14. Qd2 Bd7 15. Rad1 Qf6 16. d6 Rab8
17. Nd5 Nxd5 18. Bxd5+ Kh8 19. Qe3 b6 20. Bc4 Nc5 21. Bxc5 f4 {0-1 Anderton,
D-Ostenstad,B/Gausdal/1992/ (51)}) 14. Nb5 (14. Rc1 f4 15. f3 Bf8 16. d6 g5 17.
Ne4 Be6 18. N2c3 h6 19. Rf2 Nb8 20. Rd2 Nc6 21. Nb5 Bf5 {0-1 Mancini,
M-Vareille,F/St Lorrain/1999/ (37)}) 14... Bf8 $6 {It is wrong to leave the
vital a1-h8 diagonal with the bishop.} (14... e4 $1 15. Nec3 (15. Rc1 Bh6 16.
Rc2 Qxd5 $15) 15... Nc7 16. Rc1 a6 17. Nxc7 Rxc7 18. Qd2 Be6 19. d6 Rc6 $13)
15. Bb2 Nc7 (15... Bd7 16. a4 e4 17. f3 $36) (15... Bg7 16. Qd2 $14) 16. Nxc7
Qxc7 17. a4 Bd6 $6 (17... f4 18. Rc1 Qd8 19. gxf4 exf4 20. Nd4 $14) 18. Nd4 $3
{Tkachiev has achieved the impossible, his knight will land on e6.} a6 (18...
exd4 19. Qxd4 Kf8 20. Qh8+ Ke7 21. Rfe1+ Be6 22. Qd4 $18) (18... Bd7 19. Ne6
Qb8 20. a5 Nc8 21. f4 $16) 19. Ne6 Qb8 (19... Bxe6 20. dxe6 Re7 21. Rc1 Qb8 22.
a5 Nc8 23. Bxe5 Bxe5 24. Qd8+ Kg7 25. Rxc8 Qxc8 26. Qxe7+ Kh8 27. Bxb7 $18) 20.
Rc1 {David has got depressed and resigned a bit prematurely. His position is
very bad, but it is never too late to call it quits.} (20. Rc1 Re7 21. f4 $1
$16) 1-0

[Event "POL-ch 59th"]
[Site "Warsaw"]
[Date "2002.05.12"]
[Round "13"]
[White "Kempinski, Robert"]
[Black "Bobras, Piotr"]
[Result "1-0"]
[WhiteElo "2570"]
[BlackElo "2435"]
[Annotator "Ftacnik,L"]
[PlyCount "77"]
[EventDate "2002.04.29"]
[EventType "tourn"]
[EventRounds "13"]
[EventCountry "POL"]
[EventCategory "10"]
[SourceTitle "CBM 089"]
[Source "ChessBase"]
[SourceDate "2002.08.12"]
[SourceVersion "1"]
[SourceVersionDate "2002.08.12"]
[SourceQuality "1"]

1. d4 Nf6 2. c4 g6 3. g3 Bg7 4. Bg2 d5 5. cxd5 Nxd5 6. e4 Nb6 7. Ne2 c5 8. d5
e6 9. O-O O-O 10. Nec3 Na6 11. a4 exd5 12. exd5 Bf5 13. Na3 Nb4 14. Be3 Rc8 15.
d6 Bd3 16. a5 Nd7 17. Bxb7 Ne5 (17... Rb8 18. a6 Qb6 (18... Bxf1 19. Qxf1 Re8 (
19... Bd4 $5) 20. Rd1 Re6 21. Rd2 Bf8 22. Nc4 Ne5 23. Nxe5 Rxe5 24. Bf4 {
1-0 Ksieski,Z-Palus,R/Zakopane 2000/ (24)}) 19. Re1 Nxa6 20. Qxd3 Qxb7 21. Nc4
Nb4 22. Qd2 Nc6 23. Qd5 Nb6 24. Nxb6 axb6 25. Bg5 (25. Rad1 Ne5 26. Qxb7 Rxb7
27. Kg2 f6 28. Nb5 Rd8 29. Rd5 Bf8 {1/2-1/2 Smejkal,J-Ftacnik,L/Ceska Trebova
1997/ (37)}) 25... Nd4 26. Qxb7 Rxb7 27. Re7 Rbb8 28. Kg2 h6 29. Bf4 g5 30. Be5
Nf5 {1/2-1/2 Stohl,I-Ftacnik,L/Germany 1996/ (50)}) 18. Re1 Qxd6 $2 {[%mdl 8]
The new ambitious idea to exploit a8-h1 diagonal is deeply flawed as white has
a choice of refutations.} (18... Rb8 19. Bg2 Qxd6 20. Ne4 Qc7 21. Nxc5 Bf5 $14)
19. Bxc8 Qc6 (19... Rxc8 20. f4 Nd7 21. Qf3 $16) 20. Bg4 (20. Bxc5 $5 Nf3+ (
20... Qxc5 21. Bb7 Rd8 22. Qa4 $18) 21. Qxf3 Qxf3 22. Re3 Qh5 (22... Rxc8 23.
Rxf3 Rxc5 24. Re3 $18) 23. Bxb4 Rxc8 24. Rxd3 $18) 20... h5 (20... Bf5 21. Bxf5
Nf3+ 22. Kh1 Nxe1+ 23. Be4 Qe6 24. Qxe1 (24. Qb1 $18) 24... Bxc3 25. Qxc3 Qxe4+
26. Kg1 $18) 21. Bh6 $1 {Nice combination helps to destroy the strong e5
knight without the loss of a spare exchange.} (21. Bxc5 Qxc5 (21... hxg4 $2 22.
Rxe5 Bxe5 23. Bxb4 $18) 22. Be2 Rb8 $16) 21... hxg4 22. Rxe5 Bxh6 (22... Bxe5
23. Bxf8 Kxf8 24. Qxg4 $18) 23. Qxg4 Bg7 24. Ree1 Bf5 25. Qc4 Nd3 (25... Bd4
26. Nab5 Bh3 27. Ne4 $18) 26. Nd5 $1 Kh7 (26... Nxe1 27. Ne7+ $18) 27. Re3 (27.
Ne7 $2 Qf3 28. Qh4+ Bh6 29. Nxf5 Qxf2+ 30. Kh1 Qf3+ $11) 27... Nxb2 (27... Bd4
28. Ne7 Nxb2 29. Qb3 $1 (29. Nxc6 Nxc4 30. Nxc4 Bxa1 31. Nxa7 $16) 29... Qf6
30. Nxf5 Qxf5 31. Rf3 Qd7 32. Rb1 $18) 28. Qh4+ Bh6 29. Ne7 Qd7 30. Nxf5 Qxf5
31. Re2 $18 {Black is now simply an exchange down with no chances to stirr any
trouble.} Nd3 32. Nc4 Kg7 33. Qe4 Qf6 (33... Qxe4 34. Rxe4 Rb8 35. Rd1 $18) 34.
Rd1 Nc1 35. Ree1 Nb3 36. Rd6 Qc3 37. Qe5+ Qxe5 38. Rxe5 Rb8 39. Re7 1-0

[Event "RUS-Cup7"]
[Site "Kstovo"]
[Date "1997.05.01"]
[Round "1"]
[White "Tregubov, Pavel V"]
[Black "Krivonogov, Alexander"]
[Result "1-0"]
[WhiteElo "2525"]
[BlackElo "2310"]
[Annotator "Ftacnik,L"]
[PlyCount "91"]
[EventDate "1997.05.01"]
[EventType "swiss"]
[EventRounds "9"]
[EventCountry "RUS"]
[SourceTitle "CBM 059"]
[Source "ChessBase"]
[SourceDate "1997.08.01"]
[SourceVersion "1"]
[SourceVersionDate "1997.08.01"]
[SourceQuality "1"]

1. d4 Nf6 2. c4 g6 3. g3 Bg7 4. Bg2 d5 5. cxd5 Nxd5 6. e4 Nb6 7. Ne2 O-O 8. O-O
c6 9. Nbc3 e5 (9... Na6 10. a4 (10. b3 Nc7 (10... Be6 11. Bg5 Nc7 12. Qd2 Qd7
13. Bh6 Bh3 14. Bxg7 Kxg7 15. Bxh3 Qxh3 16. Rad1 Rad8 17. Qe3 Qd7 18. Nf4 Ne6
19. Nce2 Nxf4 20. Nxf4 e6 {Petrosian,T-Goldberg,G/URS-ch sf Kiev (11)/1957/1-0
(60)}) 11. Ba3 (11. Be3 f5 12. d5 fxe4 13. dxc6 bxc6 14. Bd4 Ba6 15. Bxg7 Kxg7
16. Bxe4 Nbd5 17. Re1 e5 18. Bg2 Bxe2 19. Qxe2 Nxc3 20. Qxe5+ Qf6 21. Qxc7+ Kh8
22. Qe5 {1-0 Euwe,M-Van Scheltinga,T/Beverwijk (04)/1952 (32)}) 11... Bg4 12.
f3 Bc8 13. Qd2 a5 14. Rac1 (14. Rad1 a4 15. Bc5 Ne6 16. Bb4 axb3 17. axb3 Nc7
18. Qe3 Na6 19. Ba3 Re8 20. f4 {1/2-1/2 O'Kelly de Galway,A-Najdorf,M/Bled (03)
/1950 (26)}) 14... a4 15. Bb4 axb3 16. axb3 Be6 17. Rb1 Nc8 18. Rfd1 Na6 19.
Ba3 Nc7 20. Qc1 Nd6 21. e5 {Reshevsky,S-Gligoric,S/Dubrovnik olm (09)/1950/1-0
(49)}) 10... e5 11. d5 cxd5 12. exd5 Bg4 13. a5 Nc4 14. Ra4 Rc8 15. d6 Qd7 16.
Qb3 Bxe2 17. Nxe2 Nc5 18. Qxc4 Nxa4 19. Qb4 Nc5 20. Rd1 e4 21. Nf4 Rfe8 22. Be3
{0-1 Birnbaum,D-Roeschlau,B/BL2-SW 8889/1989 (30)}) (9... f5 10. Qb3+ Kh8 11.
e5 e6 12. Rd1 Re8 13. h4 h6 14. Nf4 Kh7 15. Be3 Bd7 16. a4 Bc8 17. Rac1 a6 18.
a5 Nd5 19. Nfxd5 exd5 20. Qa2 {Meyer,B-Tresch,R/RLPF-chJ U17 (03)/1989/1-0 (65)
}) 10. dxe5 (10. d5 cxd5 11. exd5 f5 $11) 10... Qxd1 (10... Bxe5 11. Bh6 $14)
11. Rxd1 Bxe5 12. Bh6 Re8 (12... Bg7 13. Bxg7 Kxg7 14. f4 $14) 13. f4 Bh8 (
13... Bxc3 14. Nxc3 (14. bxc3 Bg4 15. Kf2 $14) 14... Nc4 15. b3 Ne3) 14. Kf2
Bg4 15. Rac1 Na6 (15... N8d7 16. h3 Bxe2 17. Kxe2 Nc5) 16. h3 Bxe2 17. Kxe2 Nc5
(17... Rad8 18. Bf3 $14) 18. e5 f6 19. Nb5 $1 {Despite problems with e5 pawn
all white's pieces are excellent. Trotz Problemen mit e5 Bauern sind alle
weisse Figuren ausgezeichnet.} cxb5 (19... Na6 20. Nd6 Re7 21. g4 fxe5 22. f5
$44) 20. Rxc5 fxe5 21. Rxb5 exf4+ (21... e4 22. Rb4 $14) 22. Kf1 (22. Kf3 $6
fxg3 23. Kxg3 $15) 22... Rad8 (22... fxg3 23. Bxb7 Rad8 (23... Rab8 24. Rxb6
Rf8+ 25. Kg2 Rf2+ 26. Kg1 axb6 27. Bd5+ Rf7 28. Be6 $18) 24. Rxd8 Rxd8 25. Kg2
$14) 23. Rxd8 Rxd8 24. Bxf4 (24. Bxb7 fxg3 25. Kg2) 24... Rd1+ 25. Ke2 Rb1 26.
Bxb7 (26. b3 Rb2+ 27. Kf3 Rxa2 28. Be3 $11) 26... Rxb2+ 27. Rxb2 Bxb2 28. Kd3
$16 {Black suffers in the face of white's bishops pair. Schwarz leidet im
Kampf gegen dem starken weissen Lauferpaar.} Nd7 (28... Kf7 29. Bb8 a5 30. Bc7
Nd7 31. Bd5+ Ke7 32. Bxa5 $16) 29. Bc8 Nb6 (29... Nc5+ 30. Kc4 Ne4 31. Bb7 $16)
30. Ba6 Kg7 31. Bb8 Nd5 32. Bb7 (32. Bxa7 $2 Nb4+) 32... Nb4+ 33. Kc4 Nxa2 34.
Kb3 Bd4 35. Kxa2 Kf6 36. Kb3 Be5 37. Bxe5+ (37. Bxa7 $2 Bxg3 38. Kc4 h5 $11)
37... Kxe5 38. Kc4 h5 39. Kd3 (39. h4 g5 40. hxg5 Kf5 41. Bf3 Kxg5 $16) 39...
h4 40. g4 $1 (40. gxh4 $2 Kf4 41. Be4 Kg3 42. Bxg6 Kxh4 $11) 40... Kf4 41. Ke2
Kg3 42. Ke3 a5 (42... g5 43. Ke4 a5 (43... Kxh3 44. Kf5 Kg3 45. Kxg5 h3 46. Kf5
$18) 44. Kf5 Kxh3 45. Kxg5 Kg3 46. Kf5 a4 47. g5 $18) 43. Bc6 Kxh3 (43... g5
44. Ke4 Kxh3 45. Kf5 Kg3 46. Kxg5 h3 47. Kf5 h2 48. g5 $18) 44. Kf4 Kh2 45. g5
$1 Kh3 (45... h3 46. Kg4 $18) 46. Ke5 (46. Ke5 Kg4 47. Kf6 Kh5 48. Bf3#) 1-0

[Event "Olomouc Skanska Cup"]
[Site "Olomouc"]
[Date "2004.08.09"]
[Round "6"]
[White "Jirka, Jiri"]
[Black "Bernasek, Jan"]
[Result "0-1"]
[WhiteElo "2406"]
[BlackElo "2395"]
[Annotator "Ftacnik,L"]
[PlyCount "58"]
[EventDate "2004.08.04"]
[EventType "tourn"]
[EventRounds "11"]
[EventCountry "CZE"]
[EventCategory "9"]
[SourceTitle "CBM 103"]
[Source "ChessBase"]
[SourceDate "2004.11.11"]
[SourceVersion "1"]
[SourceVersionDate "2004.11.11"]
[SourceQuality "1"]

1. d4 Nf6 2. c4 g6 3. g3 Bg7 4. Bg2 d5 5. cxd5 Nxd5 6. e4 Nb6 7. Ne2 c5 8. d5
O-O 9. O-O e6 10. Nec3 Na6 11. Nd2 {Developing the pieces might not be the
best strategy under some circumstances, it is much stronger to play 11.a4!?} (
11. a4 $5) 11... Nb4 (11... Re8 12. a4 exd5 13. exd5 Bf5 14. a5 Bxc3 15. bxc3
Nxd5 16. Qf3 Nac7 17. g4 Bd7 18. a6 b5 19. Ne4 Bxg4 20. Qxg4 f5 21. Qg3 fxe4
22. Bg5 Qd7 23. f4 {1/2-1/2 Jirka,J-Studnicka,T/Prague 2003/ (55)}) 12. a3 (12.
Nb3 c4 13. Nc5 Nd7 14. Be3 b6 (14... Qa5 15. Nxd7 Bxd7 16. Bd2 Nd3 17. Qc2 Rac8
18. Rab1 Rfe8 19. a3 exd5 20. Nxd5 Qa4 21. Qxa4 Bxa4 22. Bc3 Bc6 {0-1 Hulak,
K-Sutovsky,E/Istanbul 2003/ (30)}) 15. Nxd7 Bxd7 16. Qd2 Nd3 17. Bg5 Qc8 18. a4
a6 19. Rab1 b5 20. dxe6 fxe6 21. axb5 axb5 22. Bh6 Qc5 23. Bxg7 Kxg7 24. b4 Qd4
{0-1 Saucey,M-Howell,D/Creon 2001/ (41)}) 12... Nd3 13. Qe2 Nxc1 14. Raxc1 exd5
15. exd5 Re8 (15... Bxc3 $2 16. Rxc3 Nxd5 17. Rxc5 $16) 16. Qb5 (16. Qf3 Bf5
17. Rfe1 $11) 16... Bd4 {It is easier for black in situation, when white is
missing the dark squared bishop.} 17. Nb3 Bd7 (17... Bg4 18. Nxd4 cxd4 19. Ne4
$14) 18. Qa5 Rc8 (18... Bxc3 19. Qxc3 Na4 20. Qf3 Rc8 $11) 19. Nxd4 (19. Qxa7
$6 Bxc3 20. Rxc3 Bb5 21. Rxc5 (21. Rd1 Ra8 22. Qxb7 Ba6 23. Qc6 Rc8 $17) 21...
Bxf1 22. Bxf1 Qd6 $15) 19... cxd4 20. Ne4 Rxc1 (20... Bf5 21. Rxc8 Nxc8 22.
Qxd8 Rxd8 23. Rd1 $16) 21. Rxc1 Bf5 22. Nc5 (22. f3 $1 Re5 (22... Bxe4 23. fxe4
Qg5 24. Rf1 $14) 23. Qxa7 Rxd5 24. Qxb7 d3 25. Rd1 $14) 22... d3 (22... Nxd5 $1
23. Qxd8 (23. Qb5 d3 24. Rd1 d2 25. Qf1 Nb6 26. Nxb7 Qd4 $19) (23. Qa4 d3 24.
Bxd5 d2 25. Rf1 Re1 26. Qd4 Bh3 27. Bxf7+ Kxf7 28. Qc4+ Kf8 29. Ne6+ Rxe6 $19)
(23. Qxa7 d3 24. Nxb7 d2 25. Rf1 Qb6 $19) 23... Rxd8 24. Nxb7 Rd7 25. Nc5 Rd6
$11) 23. g4 $2 {[%mdl 8192] Jirka has got carried away in the worst possible
form. Not only is his tactics seriously flawed, but he has managed to
critically weaken his kingside structure.} (23. Rd1 $1 Nxd5 24. Qxd8 Rxd8 25.
Nxb7 Rd7 26. Nc5 Rd8 27. g4 Bxg4 28. Rxd3 Be6 29. Rd4 $14) 23... Qg5 24. Qc3 (
24. Rf1 Qxg4 25. Nxb7 d2 26. Qxd2 Re2 27. Qc3 Nxd5 $15) 24... d2 (24... Nxd5
25. Bxd5 d2 26. Rf1 d1=Q 27. Rxd1 Qxg4+ $19) 25. Rd1 Bxg4 26. f3 {This
desperate move fails in many forms, white has clearly overextended himself.} (
26. Qxd2 Qxd2 27. Rxd2 Re1+ 28. Bf1 Bh3 $19) (26. f4 Qh4 27. Rxd2 Re1+ 28. Bf1
Bh3 29. Rf2 Rxf1+ 30. Rxf1 Bxf1 31. Kxf1 Qxf4+ $19) 26... Re1+ (26... Bxf3 $1
27. Qxd2 Re1+ 28. Rxe1 Qxd2 $19) 27. Rxe1 dxe1=Q+ 28. Qxe1 Bh3 29. Qg3 (29. Qf2
Qc1+ 30. Bf1 Bxf1 31. Qxf1 Qxc5+ $19) 29... Qc1+ 0-1

[Event "EU-ch 4th"]
[Site "Istanbul"]
[Date "2003.05.30"]
[Round "1"]
[White "Kempinski, Robert"]
[Black "Van Wely, Loek"]
[Result "1/2-1/2"]
[WhiteElo "2553"]
[BlackElo "2675"]
[Annotator "Hecht,H"]
[PlyCount "120"]
[EventDate "2003.05.30"]
[EventType "swiss"]
[EventRounds "13"]
[EventCountry "TUR"]
[SourceTitle "CBM 096"]
[Source "ChessBase"]
[SourceDate "2003.09.25"]
[SourceVersion "1"]
[SourceVersionDate "2003.09.25"]
[SourceQuality "1"]

1. d4 Nf6 2. c4 g6 3. g3 Bg7 4. Bg2 d5 5. cxd5 Nxd5 6. e4 Nb4 7. d5 c6 8. a3
Qa5 9. Nc3 cxd5 10. Be3 N4c6 11. exd5 Ne5 12. Bd4 Bf5 13. Bxe5 Bxe5 14. Nge2
Qb6 15. Na4 Qd6 16. O-O O-O 17. Re1 Bg4 18. h3 Bxe2 19. Qxe2 Nd7 20. Qb5 Rab8
21. Rac1 a6 22. Qe2 Rbc8 23. b4 Bd4 24. Kh2 Rxc1 25. Rxc1 h5 26. Qd2 Ba7 27. h4
Ne5 28. Nc5 Rc8 29. Ne4 Ng4+ 30. Kg1 Rxc1+ 31. Qxc1 Qe5 32. Qf4 Qd4 33. Bh3
Qd1+ 34. Bf1 Kg7 35. Nc5 Bxc5 36. bxc5 Qxd5 37. Bc4 Qd1+ 38. Kg2 e6 {[#] Thema:
Übergang mit Materialgewinn. Taktik: Hineinziehungsopfer / Springergabel} 39.
Qe4 $2 (39. c6 bxc6 40. Bxa6 {war noch die beste Chance zum Überleben.}) 39...
Qh1+ $1 40. Kxh1 Nxf2+ 41. Kg2 Nxe4 42. c6 b5 $5 {Der Rest gehört nicht zum
Thema - das Remis ist jedenfalls überraschend.} ({Klarer war} 42... bxc6 43.
Bxa6 Nc5 $19 {[%csl Gc6][%cal Yg7e5,Yc5b3,Yb3a5,Yc5b7,Yb7a5]}) 43. Be2 Nd6 44.
c7 Kf6 45. Bf3 a5 46. Kf2 Ke7 47. Bc6 b4 48. axb4 axb4 49. Ke2 e5 50. Kd3 f5 (
50... e4+ $5) 51. Kc2 e4 52. Kb3 e3 53. Bb5 e2 54. Bxe2 Kd7 55. Bf3 Kxc7 56.
Kxb4 f4 57. gxf4 Nf5 58. Bd5 Nxh4 59. Bf7 Kd6 60. f5 Nxf5 1/2-1/2

[Event "EU-ch 2nd"]
[Site "Ohrid"]
[Date "2001.06.11"]
[Round "10"]
[White "Djuric, Stefan"]
[Black "Turov, Maxim"]
[Result "1/2-1/2"]
[WhiteElo "2483"]
[BlackElo "2553"]
[Annotator "Hecht,H"]
[PlyCount "120"]
[EventDate "2001.06.01"]
[EventType "swiss"]
[EventRounds "13"]
[EventCountry "YUG"]
[SourceTitle "CBM 084"]
[Source "ChessBase"]
[SourceDate "2001.09.13"]
[SourceVersion "1"]
[SourceVersionDate "2001.09.13"]
[SourceQuality "1"]

1. d4 Nf6 2. c4 g6 3. g3 Bg7 4. Bg2 d5 5. cxd5 Nxd5 6. e4 Nb6 7. Ne2 c5 8. d5
e6 9. O-O O-O 10. Nec3 Na6 11. Bf4 exd5 12. exd5 c4 13. Qd2 Bf5 14. Bh6 Bxh6
15. Qxh6 Qf6 16. Nd2 Nc5 17. Nf3 Nd3 18. Qd2 Rad8 19. Nh4 Rfe8 20. Nxf5 Qxf5
21. Rad1 Nxd5 22. Nxd5 Rxd5 23. Bxd5 Qxd5 24. Rfe1 Re5 25. Rxe5 Qxe5 {[#]
Strategie und Taktik - Königswanderung zu früh abgebrochen!} 26. b3 b5 27. Qe3
Qb2 28. Rd2 Qb1+ 29. Kg2 Ne1+ 30. Kh3 Nd3 31. Kg2 Ne1+ 32. Kh3 Nd3 33. Qe2 h5
34. Kg2 Qa1 35. h4 a6 36. bxc4 bxc4 37. Rd1 Qd4 38. a4 Qd7 39. Rb1 c3 40. Kh2
Nb2 41. Rc1 Nxa4 42. Rd1 Qf5 43. Kg2 Nc5 44. Rd8+ Kg7 45. Qe8 Kf6 46. Qh8+ Ke7
47. Qf8+ Kf6 48. Qh8+ Ke7 49. Re8+ Kd6 50. Qf8+ (50. Qxc3 $16) 50... Kd5 51.
Re1 c2 52. Qd8+ Kc4 53. Qb8 (53. Rc1 $1) 53... Nd3 $19 54. Qc7+ Qc5 $6 (54...
Kb3 $1 55. Qb6+ Qb5 56. Qe3 Ka2 57. Re2 Kb1 $19) 55. Qxf7+ Qd5+ $2 (55... Kc3
56. Qf3 Qd5 $5 57. Qxd5 Nxe1+ 58. Kf1 c1=Q $19) 56. Re4+ Kc5 57. Qc7+ Kb5 58.
Qb8+ Ka5 59. Qc7+ Kb5 60. Qb8+ Ka5 1/2-1/2

[Event "RUS-ch"]
[Site "Elista"]
[Date "1995.??.??"]
[Round "7"]
[White "Pushkov, Nikolai"]
[Black "Daniliuk, Sergey"]
[Result "0-1"]
[WhiteElo "2515"]
[BlackElo "2390"]
[Annotator "Hecht,H"]
[PlyCount "110"]
[EventDate "1995.10.??"]
[EventType "swiss"]
[EventRounds "11"]
[EventCountry "RUS"]
[SourceTitle "CBM 050"]
[Source "ChessBase"]
[SourceDate "1996.02.01"]
[SourceVersion "1"]
[SourceVersionDate "1996.02.01"]
[SourceQuality "1"]

1. d4 Nf6 2. c4 g6 3. g3 d5 4. cxd5 Nxd5 5. Bg2 Bg7 6. e4 Nb6 7. Ne2 O-O 8.
Nbc3 e5 9. d5 c6 10. O-O cxd5 11. exd5 Bf5 12. b3 Qd7 13. Be3 Na6 14. Qd2 Nc8
15. Rac1 Nd6 16. Na4 Rfd8 17. Rfd1 Bf8 18. Qb2 Re8 19. Nec3 Rac8 20. Nb1 b5 21.
Nc5 Nxc5 22. Bxc5 Nc4 23. bxc4 Rxc5 24. Na3 Bh6 25. Rc3 Rec8 26. Nxb5 Rxc4 27.
Rxc4 Rxc4 28. Na3 Qa4 29. Qb3 Rb4 30. Qxa4 Rxa4 31. d6 Rxa3 32. d7 Bg5 33.
d8=Q+ Bxd8 34. Rxd8+ Kg7 35. Rd2 Be6 36. Bd5 Bxd5 37. Rxd5 {T-T Motive:
passiver wT, 1 schwarzer Mehrbauer, Raum, Technik} Kf6 38. Rd2 h5 39. Kg2 g5
40. h3 Kf5 41. Rc2 f6 42. Rb2 e4 43. Rc2 Ke5 44. Rd2 f5 45. Rb2 a6 46. Rc2 Ra5
47. Rd2 f4 48. gxf4+ gxf4 49. Rb2 h4 50. Rc2 f3+ 51. Kf1 Rb5 52. Ke1 Rb1+ 53.
Kd2 Rf1 54. Kc3 Kf4 55. Kb4 Rxf2 0-1